Statystyki dla Najpoularniejsze nazwy ulic w Polsce

Kliknij tutaj aby rozwiązać quiz!

Ogólne statystyki

  • Ten quiz został rozwiązany 55 razy
  • Średni wynik to 4 z 10

Statystyki odpowiedzi

liczba ulicnazwa ulicy% Poprawnych
2270Krótka
67%
3090Polna
67%
2999Leśna
58%
2175Szkolna
48%
1480Kwiatowa
42%
1684Lipowa
40%
2172Ogrodowa
29%
2414Słoneczna
29%
1552Brzozowa
27%
1508Łąkowa
27%

Rozkład punktacji

Percentyl według liczby udzielonych odpowiedzi

Procent ludzi z każdym wynikiem

Twoja historia wyników

Nie rozwiązałeś tego quizu